The Moody handbook of theology / (Record no. 1955)

MARC details
000 -LEADER
fixed length control field 01270cam a22003254a 4500
001 - CONTROL NUMBER
control field 140314
003 - CONTROL NUMBER IDENTIFIER
control field GBCCL
005 - DATE AND TIME OF LATEST TRANSACTION
control field 20250224144231.0
008 - FIXED-LENGTH DATA ELEMENTS--GENERAL INFORMATION
fixed length control field 071101s2008 ilua b 001 0 eng
020 ## - INTERNATIONAL STANDARD BOOK NUMBER
International Standard Book Number 9780802434340
020 ## - INTERNATIONAL STANDARD BOOK NUMBER
International Standard Book Number 0802434347
035 ## - SYSTEM CONTROL NUMBER
System control number (OCoLC)ocn156832211
035 ## - SYSTEM CONTROL NUMBER
System control number (OCoLC)156832211
040 ## - CATALOGING SOURCE
Original cataloging agency DLC
Transcribing agency DLC
Modifying agency BTCTA
-- BAKER
-- CBC
-- OCLCG
-- LBB
082 00 - DEWEY DECIMAL CLASSIFICATION NUMBER
Classification number 230.04624
Edition information 22
Item number ENN
090 ## - LOCALLY ASSIGNED LC-TYPE CALL NUMBER (OCLC); LOCAL CALL NUMBER (RLIN)
Classification number (OCLC) (R) ; Classification number, CALL (RLIN) (NR) BR118
Local cutter number (OCLC) ; Book number/undivided call number, CALL (RLIN) .E67 2008
100 1# - MAIN ENTRY--PERSONAL NAME
Personal name Enns, Paul P.,
Dates associated with a name 1937-
9 (RLIN) 4040
245 14 - TITLE STATEMENT
Title The Moody handbook of theology /
Statement of responsibility, etc. Paul Enns.
250 ## - EDITION STATEMENT
Edition statement Rev. and expanded.
260 ## - PUBLICATION, DISTRIBUTION, ETC.
Place of publication, distribution, etc. Chicago :
Name of publisher, distributor, etc. Moody Publishers,
Date of publication, distribution, etc. c2008.
300 ## - PHYSICAL DESCRIPTION
Extent 766 p. cm. :
Other physical details ill. ;
Dimensions 24 cm.
504 ## - BIBLIOGRAPHY, ETC. NOTE
Bibliography, etc. note Includes bibliographical references and index.
505 0# - FORMATTED CONTENTS NOTE
Formatted contents note Biblical theology -- Systematic theology -- Historical theology -- Dogmatic theology -- Contemporary theology.
650 #0 - SUBJECT ADDED ENTRY--TOPICAL TERM
Topical term or geographic name entry element Theology
Form subdivision Handbooks, manuals, etc.
9 (RLIN) 2
650 #0 - SUBJECT ADDED ENTRY--TOPICAL TERM
Topical term or geographic name entry element Fundamentalism
Form subdivision Handbooks, manuals, etc.
9 (RLIN) 4041
650 #0 - SUBJECT ADDED ENTRY--TOPICAL TERM
Topical term or geographic name entry element Dispensationalism
Form subdivision Handbooks, manuals, etc.
9 (RLIN) 4042
650 #0 - SUBJECT ADDED ENTRY--TOPICAL TERM
Topical term or geographic name entry element Evangelicalism
Form subdivision Handbooks, manuals, etc.
9 (RLIN) 4043
856 ## - ELECTRONIC LOCATION AND ACCESS
Uniform Resource Identifier <a href="http://library.gracebiblecollege.in/cgi-bin/koha/opac-retrieve-file.pl?id=a870cf5509758d678bcc14b0b150a477">http://library.gracebiblecollege.in/cgi-bin/koha/opac-retrieve-file.pl?id=a870cf5509758d678bcc14b0b150a477</a>
Link text Click here for pdf
942 ## - ADDED ENTRY ELEMENTS (KOHA)
Source of classification or shelving scheme Dewey Decimal Classification
Koha item type Books
Koha issues (borrowed), all copies 60
Suppress in OPAC No
Holdings
Withdrawn status Lost status Source of classification or shelving scheme Damaged status Not for loan Home library Current Library Shelving location Date acquired Total checkouts Total renewals Full call number Barcode Date last seen Date last checked out Copy number Price effective from Koha item type
    Dewey Decimal Classification     GRACE BIBLE COLLEGE GRACE BIBLE COLLEGE Handbook 2017-06-02 5 1 230.04624 ENN 010532 2025-05-01 2024-01-29 c.4 2017-06-02 Reference Books
    Dewey Decimal Classification     GRACE BIBLE COLLEGE GRACE BIBLE COLLEGE Handbook 2017-06-02     230.04624 ENN 006799 2025-05-01   c.1 2017-06-02 Reference Books
    Dewey Decimal Classification     GRACE BIBLE COLLEGE GRACE BIBLE COLLEGE Handbook 2017-06-02     230.04624 ENN 010530 2025-05-01   c.2 2017-06-02 Reference Books
    Dewey Decimal Classification     GRACE BIBLE COLLEGE GRACE BIBLE COLLEGE Handbook 2017-06-02 10   230.04624 ENN 010531 2025-05-01 2023-07-11 c.3 2017-06-02 Reference Books
    Dewey Decimal Classification     GRACE BIBLE COLLEGE GRACE BIBLE COLLEGE Handbook 2017-06-02 4   230.04624 ENN 010538 2025-05-01 2024-05-31 c.10 2017-06-02 Reference Books
    Dewey Decimal Classification     GRACE BIBLE COLLEGE GRACE BIBLE COLLEGE Handbook 2017-06-02 9   230.04624 ENN 010533 2025-05-01 2023-07-13 c.5 2017-06-02 Reference Books
    Dewey Decimal Classification     GRACE BIBLE COLLEGE GRACE BIBLE COLLEGE Handbook 2017-06-02 7   230.04624 ENN 010534 2026-03-24 2024-01-22 c.6 2017-06-02 Reference Books
    Dewey Decimal Classification     GRACE BIBLE COLLEGE GRACE BIBLE COLLEGE Handbook 2017-06-02 13   230.04624 ENN 010535 2025-05-01 2022-08-26 c.7 2017-06-02 Reference Books
    Dewey Decimal Classification     GRACE BIBLE COLLEGE GRACE BIBLE COLLEGE Handbook 2017-06-02 12   230.04624 ENN 010536 2025-05-01 2024-05-30 c.8 2017-06-02 Reference Books
© Grace Bible College Library 2025